[Event "Krakow Malopolski Cup"]
[Site "Krakow"]
[Date "2022.08.08"]
[Round "7"]
[White "Fizerova, Lucie"]
[Black "Borowiec, Kamil"]
[Result "0-1"]
[WhiteElo "1679"]
[BlackElo "1618"]
[PlyCount "76"]
[EventDate "2022.08.04"]
[EventType "swiss"]
[EventRounds "9"]
[EventCountry "POL"]
[SourceTitle "CBM 209 Extra"]
[Source "ChessBase"]
[SourceDate "2022.09.30"]
[SourceVersion "1"]
[SourceVersionDate "2022.09.30"]
[SourceQuality "1"]

1. c4 c5 2. Nc3 Nc6 3. g3 g6 4. Bg2 Bg7 5. e4 d6 6. Nge2 e6 7. d3 Nge7 8. a3 0-0 9. Rb1 a5 10. 0-0 Nd4 11. Nxd4 Bxd4 12. Bh6 Bg7 13. Bxg7 Kxg7 14. d4 Nc6 15. Nb5 e5 16. d5 Nd4 17. Nxd4 exd4 18. b4 axb4 19. axb4 b6 20. f4 f6 21. Re1 Re8 22. Qd2 Ra7 23. bxc5 bxc5 24. Rb8 Rae7 25. Qa2 f5 26. Qa8 fxe4 27. Rxe4 Rxe4 28. Bxe4 Rxe4 29. Rxc8 Qe7 30. Kg2 d3 31. Rg8+ Kh6 32. Qc8 Re2+ 33. Kf3 Qe4+ 34. Kg4 Qf5+ 35. Qxf5 gxf5+ 36. Kxf5 d2 37. Rg5 d1Q 38. g4 Rxh2 0-1

[Event "Krakow Malopolski Cup"]
[Site "Krakow"]
[Date "2022.08.06"]
[Round "6"]
[White "Darda, Roman"]
[Black "Borowiec, Kamil"]
[Result "1-0"]
[WhiteElo "1955"]
[BlackElo "1618"]
[PlyCount "41"]
[EventDate "2022.08.04"]
[EventType "swiss"]
[EventRounds "9"]
[EventCountry "POL"]
[SourceTitle "CBM 209 Extra"]
[Source "ChessBase"]
[SourceDate "2022.09.30"]
[SourceVersion "1"]
[SourceVersionDate "2022.09.30"]
[SourceQuality "1"]

1. d4 Nf6 2. c4 e6 3. Nc3 d5 4. cxd5 exd5 5. Bg5 c6 6. Qc2 Bd6 7. e3 Nbd7 8. Bd3 Nf8 9. Nge2 Ne6 10. Bh4 b5 11. Bxf6 Qxf6 12. Nxd5 Qd8 13. Qxc6+ Qd7 14. Bxb5 Rb8 15. Qxd7+ Bxd7 16. Bxd7+ Kxd7 17. b3 Rhc8 18. Kd2 Ng5 19. Kd3 Ke6 20. Ndf4+ Kf5 21. h4 1-0

[Event "Krakow Malopolski Cup"]
[Site "Krakow"]
[Date "2022.08.04"]
[Round "1"]
[White "Kaczmarska, Joanna"]
[Black "Borowiec, Kamil"]
[Result "1-0"]
[WhiteElo "1939"]
[BlackElo "1618"]
[PlyCount "81"]
[EventDate "2022.08.04"]
[EventType "swiss"]
[EventRounds "9"]
[EventCountry "POL"]
[SourceTitle "CBM 209 Extra"]
[Source "ChessBase"]
[SourceDate "2022.09.30"]
[SourceVersion "1"]
[SourceVersionDate "2022.09.30"]
[SourceQuality "1"]

1. Nf3 Nf6 2. g3 d5 3. Bg2 c5 4. 0-0 Nc6 5. d3 e5 6. Nbd2 Bd6 7. e4 d4 8. Nc4 Bc7 9. a4 0-0 10. Nh4 a6 11. Bg5 h6 12. Bd2 Nh7 13. Nf5 Bxf5 14. exf5 Qf6 15. Be4 Rab8 16. a5 Ng5 17. Bxg5 Qxg5 18. Qf3 Qf6 19. Rfe1 g6 20. fxg6 Qxf3 21. Bxf3 fxg6 22. Bxc6 bxc6 23. Nxe5 Rxb2 24. Nxg6 Rf6 25. Nh4 Rxc2 26. Re8+ Kg7 27. Rae1 Rcxf2 28. R8e7+ Rf7 29. Rxc7 Rxc7 30. Kxf2 Rb7 31. Nf5+ Kf6 32. Nd6 Rb3 33. Ne4+ Kf5 34. Nxc5 Rc3 35. Nxa6 Rxd3 36. Ra1 Rd2+ 37. Kf3 Rc2 38. Nb4 Rc3+ 39. Ke2 c5 40. a6 cxb4 41. a7 1-0